Central Library OPAC University of Rajshahi

Introduction to philosophy of education / (Record no. 46808)

MARC details
000 -LEADER
fixed length control field 00776nam a2200217 a 4500
001 - CONTROL NUMBER
control field 46808
003 - CONTROL NUMBER IDENTIFIER
rucl marc code BD-RjUL
005 - DATE AND TIME OF LATEST TRANSACTION
control field 20211209054216.0
008 - FIXED-LENGTH DATA ELEMENTS--GENERAL INFORMATION
fixed length control field 160804s1947 ilu b 001 0 eng
035 ## - SYSTEM CONTROL NUMBER
System control number (BD-RjUL)46927
040 ## - CATALOGING SOURCE
Original cataloging agency DLC
Transcribing agency ODaWU
Modifying agency OCoLC
-- DLC
-- BD-RjUL
Language of cataloging eng
041 ## - LANGUAGE CODE
Language code of text/sound track or separate title eng
082 ## - DEWEY DECIMAL CLASSIFICATION NUMBER
Classification number 370.1
Edition number 23
Author mark and year HEI 1947
100 1# - MAIN ENTRY--PERSONAL NAME
Personal name Henderson, Stella Van Petten,
Dates associated with a name 1888-
9 (RLIN) 142615
245 10 - TITLE STATEMENT
Title Introduction to philosophy of education /
Statement of responsibility, etc. Stella Van Petten Henderson
260 ## - PUBLICATION, DISTRIBUTION, ETC. (IMPRINT)
Place of publication, distribution, etc. Chicago :
Name of publisher, distributor, etc. University of Chicago Press,
Date of publication, distribution, etc. c1947
300 ## - PHYSICAL DESCRIPTION
Pagination xiii, 401 p. ;
Size 24 cm.
504 ## - BIBLIOGRAPHY, ETC. NOTE
Bibliography, etc "Suggested references" at the end of each chapter. "Selected bibliography of philosophical fiction": p. 387-388 and index.
650 #0 - SUBJECT ADDED ENTRY--TOPICAL TERM
Topical term or geographic name as entry element Education
General subdivision Philosophy.
9 (RLIN) 117134
942 ## - ADDED ENTRY ELEMENTS (KOHA)
Source of classification or shelving scheme Dewey Decimal Classification
Koha item type Books
Holdings
Lost status Source of classification or shelving scheme Damaged status Not for loan Collection code Permanent Location Current Location Shelving location Date acquired Source of acquisition Cost, normal purchase price Total Checkouts Full call number Date last seen Copy number Koha item type
  Dewey Decimal Classification     Non-fiction Central Library, University of Rajshahi Central Library, University of Rajshahi   08/01/1971 Zeitlinger 52.00   370.1 HEI 1947 04/08/2016 C-2 Books